| 000 | 00688nam a2200205Ii 4500 | ||
|---|---|---|---|
| 003 | JO-AjNU | ||
| 008 | 230606s9999||||xx |||||||||||||| ||und|| | ||
| 020 | _a978-1-4666-8823-0 | ||
| 040 |
_aJO-AjNU _beng _erda _cJO-AjNU |
||
| 041 | _aeng | ||
| 050 | 1 | 4 | _aTA345.H317 2016 |
| 100 | 3 |
_aMiranda, francisco, _eauthor _95179 |
|
| 245 | 0 | 0 | _aHand book of research on computional simulation and modeling in engineering |
| 264 | 3 | 1 | _aAmerican ,2016 |
| 300 |
_a824p _bIncludes Bibliographical References, |
||
| 336 |
_atext _btxt _2rdacontent |
||
| 337 |
_aunmediated _bn _2rdamedia |
||
| 338 |
_avolume _bnc _2rdacarrier |
||
| 650 | 4 |
_a comutional simulation and modeling in engineering _95180 |
|
| 999 |
_aE2677 _c2675 _d2675 |
||